000 00532nam a2200205Ia 4500
003 OSt
005 20230418145925.0
008 210423s2011 xx 000 0 und d
020 _a9788126901432
040 _cAL
041 _aeng
082 _a810 RAYM
100 _aRAY (Mohit K).
_989964
245 _aStudies in American literature.
260 _aNew Delhi
_bAtlantic Publishers and Distributors
_c2011
300 _aviii,191
_bPB
365 _b450
_cINR
906 _aamerican ; literature. ; Studies
942 _2ddc
_cBK
999 _c160047
_d160047